000 00404nam a22001697a 4500
999 _c1221
_d1221
005 20210910105630.0
008 160520b xxu||||| |||| 00| 0 eng d
020 _a978-0-07-068193-4
041 _aeng
082 _b3597
100 _aRao, P .N.
_96928
245 _aCAD/CAM Principles and applications
260 _bMc Graw Hill
300 _a765
650 _aDIPLOMA ENGINEERING
_9817
942 _cBK